Catálogo de la Biblioteca Horacio González - Universidad Nacional de General Sarmiento

Una navidad tamaño mamut = Ice age a mammoth christmas (Registro nro. 53923)

Detalles MARC
000 -CABECERA
campo de control de longitud fija 01524ngm a22003250a 4500
001 - NÚMERO DE CONTROL
campo de control PT47161
003 - IDENTIFICADOR DEL NÚMERO DE CONTROL
campo de control AR-LpoUNG
005 - FECHA Y HORA DE LA ÚLTIMA TRANSACCIÓN
campo de control 20210202000006.0
007 - CAMPO FIJO DE DESCRIPCIÓN FÍSICA--INFORMACIÓN GENERAL
campo de control de longitud fija vd cvaizq
008 - DATOS DE LONGITUD FIJA--INFORMACIÓN GENERAL
campo de control de longitud fija 191001s2011||||xxu|||||||||||||||||spa d
037 ## - FUENTE DE ADQUISICIÓN
Condiciones de disponibilidad $7
040 ## - FUENTE DE LA CATALOGACIÓN
Centro catalogador/agencia de origen AR-LpoUNG
Lengua de catalogación spa
Centro/agencia transcriptor AR-LpoUNG
Normas de descripción aacr
041 ## - CÓDIGO DE LENGUA
Código de lengua del texto/banda sonora o título independiente spa
-- eng
044 ## - CÓDIGO DEL PAÍS DE LA ENTIDAD EDITORA/PRODUCTORA
Código MARC del país xxu
082 0# - NÚMERO DE LA CLASIFICACIÓN DECIMAL DEWEY
Número de clasificación 808.068 658v5
100 1# - ENTRADA PRINCIPAL--NOMBRE DE PERSONA
Nombre de persona Disher, Karen
Término indicativo de función/relación dir.
245 10 - MENCIÓN DE TÍTULO
Título Una navidad tamaño mamut = Ice age a mammoth christmas
260 ## - PUBLICACIÓN, DISTRIBUCIÓN, ETC.
Lugar de publicación, distribución, etc. California :
Nombre del editor, distribuidor, etc. Twentieth Century Fox,
Fecha de publicación, distribución, etc. 2011.
300 ## - DESCRIPCIÓN FÍSICA
Extensión DVD (27 min.) : son., col.
505 0# - NOTA DE CONTENIDO CON FORMATO
Nota de contenido con formato Subtitulada en inglés y español.
520 ## - SUMARIO, ETC.
Sumario, etc. En esta navidad Sid termina de una vez por todas en la famosa lista negra, cosa que jamás hubiera pensado, pero sin lugar a dudas, después de haber destrozado la roca navideña de Manny, no le ha dejado otra alternativa a Santa Claus que tomar esa decisión. Sid no puede reaccionar ante esta dolorosa situación para él, que es incapaz de aceptar tal destino fatal, según sus expresiones, que decide viajar hacia el famoso Polo Norte donde se encuentra Santa Claus y todos sus ayudantes preparando y acomodando hasta los últimos detalles para que todo salga impecable como cada exitoso año. Pero lamentablemente para Sid, las cosas se van a seguir poniendo feas para él.
653 ## - TÉRMINO DE INDIZACIÓN--NO CONTROLADO
Término no controlado ANIMACION
653 ## - TÉRMINO DE INDIZACIÓN--NO CONTROLADO
Término no controlado AVENTURA
653 ## - TÉRMINO DE INDIZACIÓN--NO CONTROLADO
Término no controlado DVD
653 ## - TÉRMINO DE INDIZACIÓN--NO CONTROLADO
Término no controlado VIDEOS
653 ## - TÉRMINO DE INDIZACIÓN--NO CONTROLADO
Término no controlado VIDEOS INFANTILES
710 2# - PUNTO DE ACCESO ADICIONAL--NOMBRE DE ENTIDAD CORPORATIVA
Nombre de entidad corporativa o nombre de jurisdicción como elemento de entrada Blue Sky Studios (Estados Unidos)
905 ## - ELEMENTOS DE DATOS E LOCAL, LDE (RLIN)
a 47161
942 ## - ELEMENTOS DE PUNTO DE ACCESO ADICIONAL (KOHA)
Tipo de ítem Koha DVD
Existencias
Estado de retiro Estado de pérdida Estado dañado No para préstamo Código de colección Localización permanente Ubicación/localización actual Fecha de adquisición Total de préstamos Signatura topográfica completa Código de barras Fecha visto por última vez Precio válido a partir de Tipo de ítem Koha
        Colección Cine Biblioteca Universidad Nacional de General Sarmiento Biblioteca Universidad Nacional de General Sarmiento 02/02/2021   808.068 658v5 00054539 02/02/2021 02/02/2021 DVD
        Colección Cine Biblioteca Universidad Nacional de General Sarmiento Biblioteca Universidad Nacional de General Sarmiento 02/02/2021   808.068 658v5 00054544 02/02/2021 02/02/2021 DVD